| 000 | 00379nam a2200157Ia 4500 | ||
|---|---|---|---|
| 005 | 20240921143914.0 | ||
| 008 | 240921s9999||||xx |||||||||||||| ||und|| | ||
| 041 | _aENGLISH | ||
| 082 | _A005.73 P5 | ||
| 100 | _aTenenbaum, Aaron M ( etal) | ||
| 245 | 0 | _aData Structures Using C | |
| 260 |
_c2005 _bPHI,New _aNew Delhi |
||
| 650 |
_aNil _bNil |
||
| 942 | _cBB | ||
| 999 |
_c248738 _d248738 |
||